| 000 | 00471nam a2200169Ia 4500 | ||
|---|---|---|---|
| 999 |
_c27123 _d27123 |
||
| 003 | OSt | ||
| 005 | 20201124151129.0 | ||
| 008 | 190216s9999||||xx |||||||||||||| ||und|| | ||
| 040 | _coclc | ||
| 082 |
_a920 _bBHA/K |
||
| 100 |
_aBhattathirippat, V T _96778 |
||
| 245 | 0 |
_aKanneerum Kinavum / _cV T Bhattathirippat |
|
| 260 |
_bBest Books, _aThrissur: _c1990. |
||
| 300 | _a116p | ||
| 650 | _aAthmakadha | ||
| 942 |
_cBK _2ddc _h920 _iBHA/K _k920 _mBHA/K |
||